Welcome to CU Library Online Public Access Catalogue (OPAC)

Primary care medicine : (Record no. 314)

MARC details
000 -LEADER
fixed length control field 00808cam a2200253 a 4500
001 - CONTROL NUMBER
control field 2406649
005 - DATE AND TIME OF LATEST TRANSACTION
control field 20241028175636.0
008 - FIXED-LENGTH DATA ELEMENTS--GENERAL INFORMATION
fixed length control field 861208s1987 paua b 001 0 eng c
020 ## - INTERNATIONAL STANDARD BOOK NUMBER
International Standard Book Number 0397507178
050 10 - LIBRARY OF CONGRESS CALL NUMBER
Classification number RC46
Item number .G56 1987
082 00 - DEWEY DECIMAL CLASSIFICATION NUMBER
Classification number 616
Edition information 19
100 1# - MAIN ENTRY--PERSONAL NAME
Personal name Goroll, Allan H.
245 10 - TITLE STATEMENT
Title Primary care medicine :
Remainder of title office evaluation and management of the adult patient /
Statement of responsibility, etc. Allan H. Goroll, Lawrence A. May, Albert G. Mulley, Jr. ; with 56 contributors.
250 ## - EDITION STATEMENT
Edition statement 2nd ed.
260 ## - PUBLICATION, DISTRIBUTION, ETC.
Place of publication, distribution, etc. Philadelphia :
Name of publisher, distributor, etc. Lippincott,
Date of publication, distribution, etc. c1987.
300 ## - PHYSICAL DESCRIPTION
Extent xxi, 1001 p. :
Other physical details ill. ;
Dimensions 27 cm.
500 ## - GENERAL NOTE
General note INCLUDES INDEX
650 #0 - SUBJECT ADDED ENTRY--TOPICAL TERM
Topical term or geographic name entry element Primary care (Medicine)
650 #2 - SUBJECT ADDED ENTRY--TOPICAL TERM
Topical term or geographic name entry element Physicians, Family.
650 #2 - SUBJECT ADDED ENTRY--TOPICAL TERM
Topical term or geographic name entry element Primary Health Care.
700 1# - ADDED ENTRY--PERSONAL NAME
Personal name May, Lawrence A.
700 1# - ADDED ENTRY--PERSONAL NAME
Personal name Mulley, Albert G.
942 ## - ADDED ENTRY ELEMENTS (KOHA)
Source of classification or shelving scheme Library of Congress Classification
Koha item type Books
Suppress in OPAC No
999 ## -
-- 314
-- 314
Holdings
Withdrawn status Lost status Source of classification or shelving scheme Damaged status Not for loan Collection Home library Current library Shelving location Date acquired Total checkouts Full call number Barcode Date last seen Copy number Price effective from Koha item type
    Library of Congress Classification     Non-fiction Science Library (Miotso) Science Library (Miotso) General stacks 01/29/2025   RC46 .G56 GOR SLM00002604 01/29/2025 1 01/29/2025 Books
    Library of Congress Classification     Non-fiction Science Library (Miotso) Science Library (Miotso) General stacks 01/29/2025   RC46 .G56 GOR SLM00002605 01/29/2025 2 01/29/2025 Books
    Library of Congress Classification     Non-fiction Science Library (Miotso) Science Library (Miotso) General stacks 01/29/2025   RC46 .G56 GOR SLM00002606 01/29/2025 3 01/29/2025 Books
    Library of Congress Classification     Non-fiction Science Library (Miotso) Science Library (Miotso) General stacks 01/29/2025   RC46 .G56 GOR SLM00002607 01/29/2025 4 01/29/2025 Books
    Library of Congress Classification     Non-fiction Science Library (Miotso) Science Library (Miotso) General stacks 01/29/2025   RC46 .G56 GOR SLM00002608 01/29/2025 5 01/29/2025 Books
    Library of Congress Classification     Non-fiction Undergraduate Library (Christ Temple) Undergraduate Library (Christ Temple) General stacks 10/28/2024   RC46 GOR ulct00000081 10/28/2024 1 10/28/2024 Books
© 2023-2024 Copyright: Central University Libraries. All Rights Reserved | Created by: Mahone Tech Office